000 00402nam a2200145 a 4500
001 000031372
005 20200930062902.0
008 110620s1940 dr 000 0 spa d
040 _aDO-SdBNP
_bspa
_cBNPHU
100 1 _aOscar, Armando
_924269
245 1 4 _aUna novela trunca /
_cAramando Oscar.
260 _aSanto Domingo :
_bEditora de Cervantes,
_c1940.
300 _a72 p. ;
_c14 cm.
049 _aBNPD
999 _c30864
_d30864